| 000 | 01261nam a2200301 c 4500 | ||
|---|---|---|---|
| 999 |
_c97408 _d97408 |
||
| 003 | BLK | ||
| 005 | 20220225150329.0 | ||
| 008 | 180409b bul|||||r ||||||| ||bul|| | ||
| 010 | _aKNG00102319000 | ||
| 020 | _a954-90721-8-5 | ||
| 040 | _aBLK | ||
| 041 |
_aBUL _cBUL |
||
| 080 |
_aБългарска литература _b821.163.2 _x-1 _z821.163.2-1 |
||
| 100 | 1 |
_aПенев, Пламен _eпърви автор _9268203 |
|
| 139 |
_aПенев, Пламен _bП 34 |
||
| 245 | 1 | 0 |
_aДните през 2000 година _bНемист. поема _cПламен Пенев. |
| 257 | _aBGR | ||
| 260 |
_bАкад. център за лит. и култура _c2002 _fСофия : Вулкан 4 |
||
| 300 |
_a32 с. _c20 см |
||
| 380 | _aX | ||
| 500 | _aПроизведението е носител на голямата награда в конкурса "Език свещен на моите деди...", 2000 г., по случай 150 г. от рождението на Ив. Вазов. | ||
| 659 | _aК | ||
| 852 | _aЦб 212080 | ||
| 852 | _aК 821.163.2/П 34 П | ||
| 856 | 4 | _qpdf | |
| 856 | 4 | _qpdf | |
| 942 |
_cKNG _n0 _s1 |
||
| 944 |
_aCR _c01.01.2002 _kЦветанка_Енчева |
||
| 944 |
_aED _c27.01.2004 |
||
| 999 | _d97408 | ||